[Event "Florianopolis op 11th"]
[Site "Florianopolis"]
[Date "2025.01.20"]
[Round "4"]
[White "De Resende, Sidnei"]
[Black "Ribeiro Junior, Rafael Rodrigues"]
[Result "1-0"]
[WhiteElo "1801"]
[BlackElo "1800"]
[PlyCount "55"]
[EventDate "2025.01.18"]
[EventType "swiss"]
[EventRounds "10"]
[EventCountry "BRA"]
[SourceTitle "CB05_2025"]
[SourceDate "2025.01.29"]
[SourceVersion "1"]
[SourceVersionDate "2025.01.29"]
[SourceQuality "1"]

1. e4 c5 2. Nf3 d6 3. d4 cxd4 4. Nxd4 Nf6 5. Nc3 a6 6. Be2 e5 7. Nb3 Be6 8. Be3 Nbd7 9. 0-0 b5 10. a3 Qc7 11. Kh1 Nb6 12. Nd2 Nc4 13. Nxc4 Bxc4 14. f4 Rc8 15. Rc1 Bxe2 16. Qxe2 Qc4 17. Qf3 b4 18. Nd5 Nxd5 19. exd5 bxa3 20. fxe5 Rc7 21. Bb6 Rb7 22. exd6 Bxd6 23. Rce1+ Kf8 24. bxa3 f6 25. Bd8 Rf7 26. Re6 Be7 27. Rfe1 g6 28. Bxe7+ 1-0